00635nam a22001457a 4500003000400000005001700004008004100021040001400062100003400076245020100110260000900311300003100320500011000351504002800461OSt20171010095447.0120621t xxu||||| |||| 00| 0 eng d aMMSUcUlS aAdriatico, Harold A., et al.  aInvestigation on the electrical utilization equipment in the different school buildings and offices of the Mariano Marcos State University (Batac and Laoag Campuses) cHarold A. Adriatico, et al.  c3411 axi, [144] leaves c28 cm.  aThesis (BS Electrical Engineering) -- Mariano Marcos State University-College of Engineering, Batac City  aBibliography: leaf 34